Easy Geography Quiz - Statistics

General Stats
  • This quiz has been taken 38 times
  • The average score is 14 of 15
Answer Stats
Hint Answer % Correct
What is the largest state in the US? Alaska
100%
This city is one of the largest cities in the world, is located on the Nile river, is the capital of Egypt and is next to the pyramids. What is this city? Cairo
100%
What is the capital and largest city of South Korea? Seoul
100%
What is the island country that is to the west of the UK and is famous for leprechauns and st. Patrick's day? Ireland
97%
What is the largest country in the world? Russia
97%
In what ocean is the state of Hawaii in? The Pacific
97%
What country is Rio de Janeiro in? Brazil
95%
This river is the longest river in the United states, serves as an artery of American trade and shares a name with a US state. What is the name of this river? Mississippi
95%
Is Argentina to the north or south of Brazil? South
95%
Which country does Portugal border? Spain
95%
Is Argentina located on the Atlantic or Pacific coast of South America? The Atlantic
95%
What is the largest city in Illinois and is next to Lake Michigan? Chicago
92%
Which landscape does Nepal mostly have plains, desert, mountains, or savannas? Mountains
92%
In which US state is the city of Nashville in? Tennessee
89%
What is the largest city in Pennsylvania? Philadelphia
73%
No matching quizzes found
Score Distribution
Percent of People with Each Score
Percentile by Number Answered
Your Score History
You have not taken this quiz